000 00214 a2200097 4500
001 23492
100 _aremaine, H M
245 _aDevelopments in heat transfer
260 _a`
_bArnold
_c1964
090 _c15882
_d15882
942 _aNUST-CAE
_cM
_c6538
999 _c258565
_d258565